Sociedad, cultura y educacion /

Guardado en:
Autor Principal: Giroux, Henry A.
Otros Autores: Mclaren, Peter
Formato: Libro
Publicado: Madrid / Buenos Aires : MiÑo Y Davila Ñ, 1998
Series:Educacion Internacional
Materias:
Etiquetas: Agregar Etiqueta
Sin Etiquetas, Sea el primero en etiquetar este registro!
LEADER 00667nam a22002055a 4500
001 EHU.bham024402
003 AR-BHAM
005 20121128170221.0
008 130507s1998##################000#0#####d
082 3 7 |a 370.19 
100 1 |a Giroux, Henry A. 
245 1 0 |a Sociedad, cultura y educacion /  |c Henry A. Giroux , Peter Mclaren , 
260 |a Madrid / Buenos Aires :  |b MiÑo Y Davila Ñ,  |c 1998 
300 |a 257 p. 
490 0 |a Educacion Internacional 
653 |a Sociologia 
653 |a Cultura 
653 |a Educacion-cultura 
700 1 |a Mclaren, Peter 
859 |a AR-BHAM  |b BIB. HUMANIDADES - General  |h 370.19  |i G445-1  |p 216.02  |t Ej.1